000 01187nam a2200289 a 4500
005 20200104041628.0
008 140530s2009 ck a gr 00010 spa d
020 _a9789588554037
041 _aspa
043 _as-ck---
044 _ack
082 0 4 _a333.918
_bG56p
100 1 _aGómez Camelo, Isabel.
_926174
245 1 0 _aPlan de manejo de los humedales de la reserva de la biósfera El Tuparro :
_bjurisdicción Puerto Carreño /
_cIsabel Gómez Camelo...(et al.)
260 _aBogotá D.C
_bFundación Omacha
_bFundación Horizonte Verde
_c2009.
300 _a97 p.
_bIl., mapas, tablas.
_c28 cm.
504 _aIncluye referencias bibliográficas (pag 95-97)
650 6 _aProtección de humedales
_z Puerto Carreño (Vichada, Colombia)
_926181
650 4 _aProtección de humedales
_z Reserva de Biósfera El Tuparro (Vichada, Colombia)
_926182
650 4 _aDesarrollo sostenible
_z Reserva de Biósfera El Tuparro (Vichada, Colombia)
_926183
650 4 _aHumedales
_z Reserva de Biósfera El Tuparro (Vichada, Colombia)
_926184
700 1 _aTrujillo, Fernando.
_9366
700 1 _aSuárez, César.
_926180
942 _2ddc
_cLIBRO
_01
999 _c8635
_d8635